|
|
|
|
| LEADER |
02097nas a2200505 4500 |
| 001 |
c000153952 |
| 003 |
CARM |
| 005 |
20020205155313.0 |
| 008 |
750726c19239999ae ar0 0uuub0fre d |
| 010 |
|
|
|a sn 83005667
|
| 019 |
1 |
|
|a 3061576
|5 LACONCORD2021
|
| 022 |
0 |
|
|a 0020-2460
|
| 035 |
|
|
|a (OCoLC)1479100
|5 LACONCORD2021
|
| 041 |
0 |
|
|a fre
|b eng
|
| 042 |
|
|
|a nsdp
|
| 060 |
0 |
0 |
|a W1 IN509P
|
| 110 |
2 |
0 |
|a Institut Pasteur d'Algerie.
|
| 210 |
0 |
|
|a Arch. Inst. Pasteur Algerie
|
| 222 |
0 |
0 |
|a Archives de l'Institut Pasteur d'Algerie
|
| 245 |
0 |
0 |
|a Archives de l'Institut Pasteur d'Algerie.
|
| 260 |
|
|
|a Alger,
|b Institut Pasteur d'Algerie.
|
| 300 |
|
|
|a v.
|b ill.
|c 25 cm.
|
| 310 |
|
|
|a Annual,
|b 196 -
|
| 321 |
|
|
|a Quarterly,
|b 1923-62
|
| 321 |
|
|
|a 2 no. a year,
|b 1963-
|
| 362 |
0 |
|
|a t. 1- 1923-
|
| 500 |
|
|
|a Vol. 1, no. 2, May 1923 issued as v. 3, no. 2 of Archives des Instituts Pasteur de l'Afrique du Nord.
|
| 510 |
1 |
|
|a Index medicus
|x 0019-3879
|
| 510 |
2 |
|
|a Excerpta medica
|
| 525 |
|
|
|a With supplements.
|
| 546 |
|
|
|a Some English summaries.
|
| 650 |
|
0 |
|a Medicine
|x Periodicals.
|
| 650 |
|
0 |
|a Medical bacteriology
|x Periodicals.
|
| 780 |
0 |
1 |
|t Archives des Instituts Pasteur de l'Afrique du Nord
|
| 852 |
8 |
|
|b CARM
|h A2:AB26F0
|i C01940
|p 0090134
|f SE
|
| 852 |
8 |
|
|b CARM
|h A2:AB26F0
|i C01941
|p 0090129
|f SE
|
| 852 |
8 |
|
|b CARM
|h A2:AK25E0
|i C03618
|p 0196061
|f SE
|
| 852 |
8 |
|
|b CARM
|h A2:AK27E0
|i C03627
|p 0196126
|f SE
|
| 866 |
|
0 |
|a 1(1923)-40(1962)
|
| 866 |
|
0 |
|a 1(1923)-40(1962)
|
| 999 |
f |
f |
|i def532bf-f199-59a8-866b-903f3387849c
|s e66b3536-4868-55b0-89f2-0eb8da27338c
|
| 952 |
f |
f |
|p Can circulate
|a CAVAL
|b CAVAL
|c CAVAL
|d CARM 1 Store
|e C01940
|f A2:AB26F0
|h Other scheme
|i book
|k 1(1923)-5(1927)
|m 0090134
|
| 952 |
f |
f |
|p Can circulate
|a CAVAL
|b CAVAL
|c CAVAL
|d CARM 1 Store
|e C01941
|f A2:AB26F0
|h Other scheme
|i book
|k 6(1928)-17(1939)
|m 0090129
|
| 952 |
f |
f |
|p Can circulate
|a CAVAL
|b CAVAL
|c CAVAL
|d CARM 1 Store
|e C03627
|f A2:AK27E0
|h Other scheme
|i book
|k 32(1954)-40(1962)
|m 0196126
|
| 952 |
f |
f |
|p Can circulate
|a CAVAL
|b CAVAL
|c CAVAL
|d CARM 1 Store
|e C03618
|f A2:AK25E0
|h Other scheme
|i book
|k 18(1940)-31(1953)
|m 0196061
|